1787 1748 1414 1555 1447 1354 1767 1630 1595 1753 1826 1087 1006 1242 1598 1207 1338 1063 1742 1759 1376 1272 1580 1612 1252 1557 1354 1862 1349 1958 1633 1332 1120 1723 1014 1049 1595 1534 1224 1350 1511 1554 1552 1225 1519 1850 1348 1121 1578 1329 1326 1985 1702 1096 1665 1401 1354 1039 1369 1809 1448 1038 1840 1264 1005 1010 1973 1252 1513 1599 1797 1353 1955 1057 1658 1211 1523 1902 1410 1782 1759 1747 1787 1405 1349 1478 1004 1296 1224 1282 1219 1988 1743 1106 1055 1569 1680 1546 1316 BCNSPRNW ULIB Ver.6.0+V

เปลี่ยนเป็นภาษาไทย

Change to English
 แสดงรายละเอียดบรรณานุกรม
  กลับหน้าหลัก

Brief Record : Get Marc (ISO 2709) : E-mail record : QR code < ปิดหน้าต่าง
LEADER : 00000nam a2200000Ia 4500
001    13399125431
003     ULIB
008    170228s2559 th a b 000 0 tha d
020    ^a9786165071055
040    ^absi
060 04 ^aWB310^bส576ว
100 0  ^aสันต์ หัตถีรัตน์
245 10 ^aวาระสุดท้ายที่งดงาม /^cโดย สันต์ หัตถีรัตน์
250    ^aพิมพ์ครั้งที่ 1
260    ^aกรุงเทพฯ :^bหมอชาวบ้าน,^c2559
300    ^a211 หน้า :^bภาพประกอบ ;^c21 ซม.
650  4 ^aผู้ป่วยระยะสุดท้าย^xการดูแล
650  4 ^aผู้ป่วยหนัก^xการดูแล
650  4 ^aทัศนคติต่อการตาย
945    ^p200^l0^i25000
945    ^p200^l0^i25001
945    ^p200^l0^i25002
945    ^p200^l0^i25003
945    ^p200^l0^i25004
945    ^p200^l0^i25005
945    ^p200^l0^i25006
945    ^p200^l0^i25007
945    ^p200^l0^i25008
945    ^p200^l0^i25009
995    ^aกัณชพร
999    ^aกัณชพร
รายการนี้ยังไม่มีแท็ก
คุณยังไม่ได้ล็อกอิน คุณสามารถมีกิจกรรมร่วมกับเว็บไซต์ได้ แต่ต้องล็อกอินก่อน ::
  ล็อกอิน

รายการสื่อสารสนเทศ

ลำดับที่ ประเภท เลขเรียก/บาร์โค้ด สถานที่ สถานะ
1. หนังสือสำรอง
หนังสือสำรอง
สถานะ=หนังสือเก่า
WB310 ส576ว ฉ.1 
  Barcode: 25000
ห้องสมุดวิทยาเขตนครสวรรค์
►ส่วนจัดเก็บหนังสือเก่า นว.
บนชั้น
  ขอยืม
2. วิทยาศาสตร์การแพทย์ และสุขภาพ
วิทยาศาสตร์การแพทย์ และสุขภาพ
สถานะ=หนังสือเก่า
WB310 ส576ว ฉ.10 
  Barcode: 25009
ห้องสมุดวิทยาเขตนครสวรรค์
►ส่วนจัดเก็บหนังสือเก่า นว.
บนชั้น
  ขอยืม
3. วิทยาศาสตร์การแพทย์ และสุขภาพ
วิทยาศาสตร์การแพทย์ และสุขภาพ
สถานะ=หนังสือเก่า
WB310 ส576ว ฉ.2 
  Barcode: 25001
ห้องสมุดวิทยาเขตนครสวรรค์
►ส่วนจัดเก็บหนังสือเก่า นว.
บนชั้น
  ขอยืม
4. วิทยาศาสตร์การแพทย์ และสุขภาพ
วิทยาศาสตร์การแพทย์ และสุขภาพ
สถานะ=หนังสือเก่า
WB310 ส576ว ฉ.3 
  Barcode: 25002
ห้องสมุดวิทยาเขตนครสวรรค์
►ส่วนจัดเก็บหนังสือเก่า นว.
บนชั้น
  ขอยืม
5. วิทยาศาสตร์การแพทย์ และสุขภาพ
วิทยาศาสตร์การแพทย์ และสุขภาพ
สถานะ=หนังสือเก่า
WB310 ส576ว ฉ.4 
  Barcode: 25003
ห้องสมุดวิทยาเขตนครสวรรค์
►ส่วนจัดเก็บหนังสือเก่า นว.
บนชั้น
  ขอยืม
6. วิทยาศาสตร์การแพทย์ และสุขภาพ
วิทยาศาสตร์การแพทย์ และสุขภาพ
สถานะ=หนังสือเก่า
WB310 ส576ว ฉ.5 
  Barcode: 25004
ห้องสมุดวิทยาเขตนครสวรรค์
►ส่วนจัดเก็บหนังสือเก่า นว.
บนชั้น
  ขอยืม
7. วิทยาศาสตร์การแพทย์ และสุขภาพ
วิทยาศาสตร์การแพทย์ และสุขภาพ
สถานะ=หนังสือเก่า
WB310 ส576ว ฉ.6 
  Barcode: 25005
ห้องสมุดวิทยาเขตนครสวรรค์
►ส่วนจัดเก็บหนังสือเก่า นว.
บนชั้น
  ขอยืม
8. วิทยาศาสตร์การแพทย์ และสุขภาพ
วิทยาศาสตร์การแพทย์ และสุขภาพ
สถานะ=หนังสือเก่า
WB310 ส576ว ฉ.7 
  Barcode: 25006
ห้องสมุดวิทยาเขตนครสวรรค์
►ส่วนจัดเก็บหนังสือเก่า นว.
บนชั้น
  ขอยืม
9. วิทยาศาสตร์การแพทย์ และสุขภาพ
วิทยาศาสตร์การแพทย์ และสุขภาพ
สถานะ=หนังสือเก่า
WB310 ส576ว ฉ.8 
  Barcode: 25007
ห้องสมุดวิทยาเขตนครสวรรค์
►ส่วนจัดเก็บหนังสือเก่า นว.
บนชั้น
  ขอยืม
10. วิทยาศาสตร์การแพทย์ และสุขภาพ
วิทยาศาสตร์การแพทย์ และสุขภาพ
สถานะ=หนังสือเก่า
WB310 ส576ว ฉ.9 
  Barcode: 25008
ห้องสมุดวิทยาเขตนครสวรรค์
►ส่วนจัดเก็บหนังสือเก่า นว.
บนชั้น
  ขอยืม

รายการใกล้เคียง
    ผู้แต่ง [สันต์ หัตถีรัตน์]

    หัวเรื่อง [ทัศนคติต่อการตาย]

BibComment


ยังไม่เคยถูกคอมเมนท์

คอมเมนท์ทรัพยากรรายการนี้
  คอมเมนท์: วาระสุดท้ายที่งด..


 Copyright 2026. Bcnsprnw @Library